书目信息 |
| 题名: |
魔鬼逻辑学
|
|
| 作者: | 周建武 , 张玉梅 编著 | |
| 分册: | ||
| 出版信息: | 北京 中国人民大学出版社 2016 |
|
| 页数: | 287页 | |
| 开本: | 23cm | |
| 丛书名: | ||
| 单 册: | ||
| 中图分类: | B81-49 | |
| 科图分类: | ||
| 主题词: | 逻辑学--通俗读物 | |
| 电子资源: | ||
| ISBN: | 978-7-300-23344-4 | |
| 000 | 00986nam0 2200253 450 | |
| 001 | 5855 | |
| 005 | 20180530163135.01 | |
| 010 | @a978-7-300-23344-4@dCNY39.00 | |
| 100 | @a20170215d2016 em y0chiy50 ea | |
| 101 | 0 | @achi |
| 102 | @aCN@b110000 | |
| 105 | @ay z 000yy | |
| 200 | 1 | @a魔鬼逻辑学@9mo gui luo ji xue@e揭露潜藏在历史与社会表象下的博弈法则@f周建武,张玉梅编著 |
| 205 | @a2版 | |
| 210 | @a北京@c中国人民大学出版社@d2016 | |
| 215 | @a287页@d23cm | |
| 330 | @a本书是一部有关逻辑博弈的大众通俗读物。以发生于真实的历史与日常生活中的故事为分析对象,力图把社会中错综复杂的关系理性化、抽象化、推理化,以便更精确地刻画并把握事件发展变化的深刻内涵。 | |
| 517 | 1 | @a揭露潜藏在历史与社会表象下的博弈法则@9jie lu qian cang zai li shi yu she hui biao xiang xia de bo yi fa ze |
| 606 | 0 | @a逻辑学@j通俗读物 |
| 690 | @aB81-49@v5 | |
| 701 | 0 | @a周建武@9zhou jian wu@4编著 |
| 701 | 0 | @a张玉梅@9zhang yu mei@4编著 |
| 801 | 0 | @aCN@b91MARC@c20170215 |
| 905 | @aMuseLib@dB81-49@e263=2 | |
| 魔鬼逻辑学:揭露潜藏在历史与社会表象下的博弈法则/周建武,张玉梅编著.-2版.-北京:中国人民大学出版社,2016 |
| 287页;23cm |
| ISBN 978-7-300-23344-4:CNY39.00 |
| 本书是一部有关逻辑博弈的大众通俗读物。以发生于真实的历史与日常生活中的故事为分析对象,力图把社会中错综复杂的关系理性化、抽象化、推理化,以便更精确地刻画并把握事件发展变化的深刻内涵。 |
| ● |
| 相关链接 |
|
|
|
|
正题名:魔鬼逻辑学
索取号:B81-49/263=2
 
预约/预借
| 序号 | 登录号 | 条形码 | 馆藏地/架位号 | 状态 | 备注 |
| 1 | 1115318 | 211153188 | 第一样本阅览室/ [索取号:B81-49/263=2] | 在馆 | |
| 2 | 1115319 | 211153197 | 教育系资料室/ [索取号:B81-49/263=2] | 在馆 | |
| 3 | 1115320 | 211153204 | 教育系资料室/ [索取号:B81-49/263=2] | 在馆 | |
| 4 | 1115321 | 211153213 | 教育系资料室/ [索取号:B81-49/263=2] | 在馆 | |
| 5 | 1115322 | 211153222 | 第一借阅区/ [索取号:B81-49/263=2] | 在馆 |